Sports Quiz

Random Sports or NFL Quiz
Score 0/102 Timer 10:00
0 Plays Today
Team/Year Player % Correct
MIN/2012Adrian Peterson
99.5%
MIN/2010Adrian Peterson
99.4%
MIN/2013Adrian Peterson
99.4%
MIN/2015Adrian Peterson
99.4%
SEA/2011Marshawn Lynch
98%
SEA/2012Marshawn Lynch
98%
SEA/2013Marshawn Lynch
98%
SEA/2014Marshawn Lynch
98%
PIT/2017Le'Veon Bell
97.5%
PIT/2016Le'Veon Bell
97.5%
DAL/2013DeMarco Murray
97.5%
DAL/2014DeMarco Murray
97.5%
OAK/2015Latavius Murray
97.4%
PIT/2014Le'Veon Bell
97.3%
PHI/2010LeSean McCoy
97.1%
PHI/2011LeSean McCoy
97.1%
PHI/2013LeSean McCoy
97.1%
PHI/2014LeSean McCoy
97.1%
TEN/2010Chris Johnson
96.4%
TEN/2011Chris Johnson
96.4%
TEN/2012Chris Johnson
96.4%
TEN/2013Chris Johnson
96.4%
DAL/2016Ezekiel Elliott
96.3%
TEN/2016DeMarco Murray
96.1%
HOU/2010Arian Foster
95.6%
HOU/2011Arian Foster
95.6%
HOU/2012Arian Foster
95.6%
HOU/2014Arian Foster
95.6%
BUF/2017LeSean McCoy
95.6%
BUF/2016LeSean McCoy
95.6%
ARI/2016David Johnson
95.4%
KC/2010Jamaal Charles
95%
KC/2012Jamaal Charles
95%
KC/2013Jamaal Charles
95%
Team/Year Player % Correct
KC/2014Jamaal Charles
95%
SF/2011Frank Gore
94.9%
SF/2012Frank Gore
94.9%
SF/2013Frank Gore
94.9%
SF/2014Frank Gore
94.9%
CHI/2010Matt Forte
94.8%
CHI/2012Matt Forte
94.8%
CHI/2013Matt Forte
94.8%
CHI/2014Matt Forte
94.8%
TB/2012Doug Martin
94.6%
TB/2015Doug Martin
94.6%
LAR/2017Todd Gurley
94.6%
JAX/2010Maurice Jones-Drew
94.1%
JAX/2011Maurice Jones-Drew
94.1%
STL/2015Todd Gurley
92.9%
BAL/2010Ray Rice
92.2%
BAL/2011Ray Rice
92.2%
BAL/2012Ray Rice
92.2%
IND/2016Frank Gore
91.9%
CIN/2014Jeremy Hill
91.1%
WAS/2012Alfred Morris
90.9%
WAS/2013Alfred Morris
90.9%
WAS/2014Alfred Morris
90.9%
ATL/2016Devonta Freeman
89.7%
GB/2013Eddie Lacy
89.2%
GB/2014Eddie Lacy
89.2%
ATL/2015Devonta Freeman
89%
LAC/2017Melvin Gordon
88.5%
KC/2017Kareem Hunt
88%
OAK/2010Darren McFadden
87.8%
DAL/2015Darren McFadden
87.8%
MIA/2014Lamar Miller
87.7%
NOR/2017Mark Ingram
87.7%
NOR/2016Mark Ingram
87.7%
Team/Year Player % Correct
STL/2010Steven Jackson
87.5%
STL/2011Steven Jackson
87.5%
STL/2012Steven Jackson
87.5%
CHI/2017Jordan Howard
86.2%
CHI/2016Jordan Howard
86.2%
HOU/2016Lamar Miller
85.2%
NE/2016LeGarrette Blount
83.4%
ATL/2010Michael Turner
82.7%
ATL/2011Michael Turner
82.7%
JAX/2017Leonard Fournette
82.1%
MIA/2016Jay Ajayi
79.9%
TB/2010LeGarrette Blount
79.5%
DEN/2017C.J. Anderson
77.2%
BAL/2014Justin Forsett
76.6%
NYJ/2015Chris Ivory
74.5%
NYG/2010Ahmad Bradshaw
73.6%
NYG/2012Ahmad Bradshaw
73.6%
SD/2011Ryan Mathews
72.1%
SD/2013Ryan Mathews
72.1%
PIT/2010Rashard Mendenhall
71.5%
MIA/2011Reggie Bush
70.2%
DET/2013Reggie Bush
70.2%
NYJ/2012Shonn Greene
69.3%
NYJ/2011Shonne Greene
69.2%
CLE/2010Peyton Hillis
68.6%
BUF/2012C.J. Spiller
67.7%
DEN/2013Knowshon Moreno
67.3%
NE/2010BenJarvus Green-Ellis
65.1%
CIN/2012BenJarvus Green-Ellis
65.1%
CIN/2010Cedric Benson
60.6%
CIN/2011Cedric Benson
60.6%
NE/2012Stevan Ridley
59.4%
DEN/2011Willis McGahee
51.8%
ARI/2011Beanie Wells
48.2%
Come Together.
Have Fun.
All Virtual.
We all need to come together. Play Sporcle's virtual live trivia to have fun, connect with people, and get your trivia on. Join a live hosted trivia game for your favorite pub trivia experience done virtually. If a virtual private party is more your thing, go here for details.

You're not logged in!

Compare scores with friends on all Sporcle quizzes.
OR
Log In

Sporcle TV

Today on Sporcle TV


Watch our educational content, quiz creation guides, and fun videos on Sporcle TV.

Show Comments

Extras

Top Quizzes Today


Score Distribution

Paid Content

Your Account Isn't Verified!

In order to create a playlist on Sporcle, you need to verify the email address you used during registration. Go to your Sporcle Settings to finish the process.

Report this User

Report this user for behavior that violates our Community Guidelines.

Details: